000 00592nam a2200193Ia 4500
003 IN-BaIIA
008 211028s9999 xx 000 0 eng d
040 _cIIA Library
080 _a530.1
_bKUM
100 _aKumar, Kailash
_95023
245 0 _aPerturbation theory and the nuclear many body problem
_cKailash Kumar
260 _aAmsterdam
_bNorth-Holland
_c1962
300 _aviii, 235p.
490 _aSeries in physics
650 _aMany-Body problem
_91542
650 _aNASA thesaurus
650 _aPerturbation theory
_94926
942 _cBK
999 _c2808
_d2808